| 000 | 00800nas a2200253 4500 | ||
|---|---|---|---|
| 001 | BR0900559 | ||
| 003 | BR-BrBNA | ||
| 005 | 20231205113054.0 | ||
| 007 | ta | ||
| 008 | 230509b bl.|||p| |||| 00| 00por d | ||
| 040 |
_aBR-BrBNA _bpor _cBiblioteca Nacional de Agricultura |
||
| 041 | _a(Pt) | ||
| 072 | _aH60 | ||
| 100 | 1 | _aKruse, N.D. | |
| 100 | 1 | _aVidal, R.A. | |
| 100 | 1 | _aTrezzi, M.M | |
| 245 | 1 | _aCurvas de resposta e isobolograma como forma de descrever a associação de herbicidas inibidores do fotossistema II e da síntese de carotenóides | |
| 650 | _aHERBICIDA | ||
| 650 | _aSINERGISMO | ||
| 650 | _aMETRIBUZIN | ||
| 773 | 0 |
_tPlanta Daninha (Brazil) _xISSN 0100-8358 _g(2006), v.24(3) p. 579-587 _wBR0900559 |
|
| 909 |
_a202311 _bLúcia _c55 _dLúcia Elande |
||
| 942 |
_2AGRIS _n0 _cANA |
||
| 999 |
_c201672 _d201672 |
||